| Tag |
First Indicator |
Second Indicator |
Subfields |
| LEADER |
00000cam a2200000 a 4500 |
| 001 |
in00003467721 |
| 005 |
20151206104812.0 |
| 008 |
861001s1986 at a b 00010 eng d |
| 020 |
|
|
|a 0080298648
|
| 035 |
|
|
|a (OCoLC)ocm14289895
|
| 040 |
|
|
|a SIA
|c SIA
|d m/c
|d TNY
|d UtOrBLW
|
| 090 |
|
|
|a QH197
|b .N35 1986
|
| 092 |
|
|
|a 574.50994
|b N219
|
| 245 |
0 |
2 |
|a A Natural legacy :
|b ecology in Australia /
|c edited by Harry F. Recher, Daniel Lunney, and Irina Dunn ; illustrated by David Milledge.
|
| 250 |
|
|
|a 2nd ed.
|
| 264 |
|
1 |
|a Sydney, New York :
|b Pergamon Press,
|c 1986.
|
| 300 |
|
|
|a xvi, 443 pages :
|b illustrations ;
|c 25 cm.
|
| 336 |
|
|
|a text
|b txt
|2 rdacontent
|
| 337 |
|
|
|a unmediated
|b n
|2 rdamedia
|
| 338 |
|
|
|a volume
|b nc
|2 rdacarrier
|
| 504 |
|
|
|a Bibliography: pages 389-412.
|
| 500 |
|
|
|a Includes index.
|
| 650 |
|
0 |
|a Ecology
|z Australia.
|
| 650 |
|
0 |
|a Nature conservation
|z Australia.
|
| 700 |
1 |
|
|a Recher, Harry F.
|
| 700 |
1 |
|
|a Lunney, Daniel.
|
| 700 |
1 |
|
|a Dunn, Irina.
|
| 999 |
|
|
|a MARS
|
| 999 |
f |
f |
|s cef16225-3d6b-389b-8437-6338b107f82b
|i d88dc873-d01c-3bac-8d5f-875aacb123ac
|t 0
|
| 952 |
f |
f |
|p ric
|a Texas A&M University
|b Rellis Campus
|c Joint Library Facility
|d Remote Storage
|t 0
|e QH197 .N35 1986
|h Library of Congress classification
|i unmediated -- volume
|m 32060004248932
|
| 998 |
f |
f |
|a QH197 .N35 1986
|t 0
|l Remote Storage
|